Complexity and contradiction in architecture / (Record no. 7795)

000 -LEADER
fixed length control field 00865cam a2200229 i 4500
003 - CONTROL NUMBER IDENTIFIER
control field OSt
005 - DATE AND TIME OF LATEST TRANSACTION
control field 20200521131833.0
008 - FIXED-LENGTH DATA ELEMENTS--GENERAL INFORMATION
fixed length control field 780428s1977 nyua b 000 0 eng
020 ## - INTERNATIONAL STANDARD BOOK NUMBER
International Standard Book Number 9780870702822
082 00 - DEWEY DECIMAL CLASSIFICATION NUMBER
Classification number 720.1VEN
100 1# - MAIN ENTRY--PERSONAL NAME
Personal name Venturi, Robert.
245 10 - TITLE STATEMENT
Title Complexity and contradiction in architecture /
Statement of responsibility, etc Robert Venturi ; with an introd. by Vincent Scully.
250 ## - EDITION STATEMENT
Edition statement 2d ed.
260 ## - PUBLICATION, DISTRIBUTION, ETC. (IMPRINT)
Place of publication, distribution, etc New York :
Name of publisher, distributor, etc Museum of Modern Art ;
Place of publication, distribution, etc Boston :
Name of publisher, distributor, etc distributed by New York Graphic Society,
Date of publication, distribution, etc 1977.
300 ## - PHYSICAL DESCRIPTION
Extent 132 p. :
Other physical details ill. ;
Dimensions 23 x 29 cm.
490 1# - SERIES STATEMENT
Series statement The Museum of Modern Art papers on architecture
504 ## - BIBLIOGRAPHY, ETC. NOTE
Bibliography, etc Includes bibliographical references.
650 #0 - SUBJECT ADDED ENTRY--TOPICAL TERM
Topical term or geographic name as entry element Architecture
General subdivision Composition, proportion, etc.
710 2# - ADDED ENTRY--CORPORATE NAME
Corporate name or jurisdiction name as entry element Museum of Modern Art (New York, N.Y.)
810 2# - SERIES ADDED ENTRY--CORPORATE NAME
Corporate name or jurisdiction name as entry element Museum of Modern Art (New York, N.Y.).
Title of a work Papers on architecture.
942 ## - ADDED ENTRY ELEMENTS (KOHA)
Source of classification or shelving scheme
Holdings
Withdrawn status Lost status Source of classification or shelving scheme Damaged status Koha normalized classification for sorting Not for loan Permanent location Current location Date acquired Full call number Barcode Date last seen Price effective from Koha item type
        720_000000000000000_1VEN   BMS College of Architecture, Design and Planning BMS College of Architecture, Design and Planning 2020-05-21 720.1VEN AR-UG1435 2020-05-21 2020-05-21 UG Books
Copyright © 2025, The Librarian, Library and Information Centre, BMSCA D&P, Bengaluru. All Rights Reserved
web counter

Powered by Koha